Kabale University Library Catalogue

Blackstone's statutes on property law / (Record no. 5976)

MARC details
000 -LEADER
fixed length control field 00667pam a22002174a 4500
005 - DATE AND TIME OF LATEST TRANSACTION
control field 20260203150955.0
008 - FIXED-LENGTH DATA ELEMENTS--GENERAL INFORMATION
fixed length control field 070206s1989 enk 000 0 eng
020 ## - INTERNATIONAL STANDARD BOOK NUMBER
International Standard Book Number 9780198971344
040 ## - CATALOGING SOURCE
Original cataloging agency KABLIB
Transcribing agency KABLIB
Description conventions rda
082 04 - DEWEY DECIMAL CLASSIFICATION NUMBER
Classification number 346.04
Edition number 23
Item number BLA
245 00 - TITLE STATEMENT
Title Blackstone's statutes on property law /
Statement of responsibility, etc. edited by Meryl Thomas.
250 ## - EDITION STATEMENT
Edition statement 33rd ed.
260 ## - PUBLICATION, DISTRIBUTION, ETC.
Place of publication, distribution, etc. Oxford :
Name of publisher, distributor, etc. Oxford University Press,
Date of publication, distribution, etc. c2025.
300 ## - PHYSICAL DESCRIPTION
Extent xiii, 412 p. ;
Dimensions 25 cm.
490 ## - SERIES STATEMENT
Series statement Blackstone's statutes.
650 #0 - SUBJECT ADDED ENTRY--TOPICAL TERM
Topical term or geographic name entry element Property
Geographic subdivision England.
9 (RLIN) 15061
653 ## - INDEX TERM--UNCONTROLLED
Uncontrolled term England
-- Property
-- Law
700 1# - ADDED ENTRY--PERSONAL NAME
Personal name Thomas, Meryl.
9 (RLIN) 15062
830 #0 - SERIES ADDED ENTRY--UNIFORM TITLE
Uniform title Blackstone's statutes.
9 (RLIN) 15063
942 ## - ADDED ENTRY ELEMENTS (KOHA)
Source of classification or shelving scheme Dewey Decimal Classification
Koha item type Book
Holdings
Withdrawn status Lost status Source of classification or shelving scheme Damaged status Not for loan Home library Current library Shelving location Date acquired Source of acquisition Total Checkouts Full call number Barcode Date last seen Price effective from Koha item type
    Dewey Decimal Classification     Law section Law section Open Access Section 03.02.2026 Purchased   346.04 BLA 14085 03.02.2026 03.02.2026 Book
    Dewey Decimal Classification     Law section Law section Open Access Section 03.02.2026 Purchased   346.04 BLA 14086 03.02.2026 03.02.2026 Book
    Dewey Decimal Classification     Law section Law section Open Access Section 03.02.2026 Purchased   346.04 BLA 14087 03.02.2026 03.02.2026 Book

Kabale University Library | Kabale University P.O Box 317, Kabale, Uganda
Tel : +256754017033, +256774661503 E-mail : library@kab.ac.ug